[Event "BCF-chT3 1011 (4NCL)"]
[Site "England"]
[Date "2011.02.20"]
[Round "6.39"]
[White "Fallowfield, Jeremy"]
[Black "Doran, Michael J"]
[Result "1/2-1/2"]
[WhiteElo "2044"]
[BlackElo "1850"]
[PlyCount "39"]
[EventDate "2010.11.06"]
[EventType "team-swiss"]
[EventRounds "9"]
[EventCountry "ENG"]
[SourceTitle "EXT 2012"]
[Source "ChessBase"]
[SourceDate "2011.11.24"]
[SourceVersion "1"]
[SourceVersionDate "2011.11.24"]
[SourceQuality "1"]
[WhiteTeam "Warwicks Select II"]
[BlackTeam "Halesowen"]
[WhiteTeamCountry "ENG"]
[BlackTeamCountry "ENG"]

1. c4 b6 2. Nc3 Bb7 3. e4 e6 4. Nge2 c5 5. g3 Nc6 6. Bg2 Nge7 7. 0-0 g6 8. d4 cxd4 9. Nxd4 Bg7 10. Ndb5 0-0 11. Nd6 Ba6 12. Qa4 Qc7 13. Qxa6 Qxd6 14. Rd1 Qb4 15. Qb5 Rfd8 16. Qxb4 Nxb4 17. Bf4 Rac8 18. Bd6 Nec6 19. Rac1 Be5 20. Bf1 1/2-1/2

[Event "Brighton op"]
[Site "Brighton"]
[Date "2010.11.14"]
[Round "4"]
[White "Cannon, Raymond Charles"]
[Black "Doran, Michael J"]
[Result "1-0"]
[WhiteElo "2068"]
[BlackElo "1870"]
[PlyCount "59"]
[EventDate "2010.11.12"]
[EventType "swiss"]
[EventRounds "5"]
[EventCountry "ENG"]
[SourceTitle "EXT 2011"]
[Source "ChessBase"]
[SourceDate "2010.11.26"]
[SourceVersion "1"]
[SourceVersionDate "2010.11.26"]
[SourceQuality "1"]

1. e4 e6 2. d4 d5 3. Nd2 Nf6 4. e5 Nfd7 5. Bd3 c5 6. c3 Nc6 7. Ne2 cxd4 8. cxd4 f6 9. exf6 Qxf6 10. Nf3 Bd6 11. Bg5 Qf7 12. 0-0 0-0 13. Bh4 h6 14. Nc3 a6 15. Bg3 Bf4 16. Qe2 Nb6 17. a3 Bd7 18. Bc2 g5 19. Qd3 e5 20. dxe5 Bf5 21. Qxf5 Qxf5 22. Bxf5 Rxf5 23. Bxf4 Rxf4 24. Rfe1 Re8 25. Rad1 Ne7 26. e6 Rf6 27. a4 Rf4 28. a5 Nc4 29. Nxd5 Nxa5 30. Nxf4 1-0

[Event "Brighton op"]
[Site "Brighton"]
[Date "2010.11.13"]
[Round "3"]
[White "Doran, Michael J"]
[Black "Castruccio Alvarez, Angelo"]
[Result "1/2-1/2"]
[WhiteElo "1870"]
[BlackElo "2010"]
[PlyCount "41"]
[EventDate "2010.11.12"]
[EventType "swiss"]
[EventRounds "5"]
[EventCountry "ENG"]
[SourceTitle "EXT 2011"]
[Source "ChessBase"]
[SourceDate "2010.11.26"]
[SourceVersion "1"]
[SourceVersionDate "2010.11.26"]
[SourceQuality "1"]

1. e4 e5 2. Nf3 Nc6 3. c3 d5 4. Bb5 dxe4 5. Nxe5 Bd7 6. Nxd7 Qxd7 7. d4 exd3 8. Qxd3 Qxd3 9. Bxd3 0-0-0 10. Be2 Bd6 11. 0-0 Nge7 12. Nd2 Ng6 13. Nc4 Bf4 14. g3 Bxc1 15. Raxc1 Rhe8 16. Rfe1 Nce5 17. Nxe5 Nxe5 18. f4 Nd3 19. Bxd3 Rxe1+ 20. Rxe1 Rxd3 21. Re7 1/2-1/2

[Event "BCF-chT3 0910 (4NCL)"]
[Site "England"]
[Date "2010.05.01"]
[Round "9.4"]
[White "Dixit, Kumar"]
[Black "Doran, Michael J"]
[Result "0-1"]
[WhiteElo "1450"]
[BlackElo "1884"]
[PlyCount "42"]
[EventDate "2009.10.24"]
[EventType "team-tourn"]
[EventRounds "11"]
[EventCountry "ENG"]
[SourceTitle "EXT 2011"]
[Source "ChessBase"]
[SourceDate "2010.11.26"]
[SourceVersion "1"]
[SourceVersionDate "2010.11.26"]
[SourceQuality "1"]
[WhiteTeam "AMCA Cheetahs"]
[BlackTeam "Halesowen"]
[WhiteTeamCountry "ENG"]
[BlackTeamCountry "ENG"]

1. Nf3 Nf6 2. d4 e6 3. c4 Bb4+ 4. Nc3 b6 5. a3 Bxc3+ 6. bxc3 Ba6 7. Ne5 0-0 8. Qb3 d6 9. Nf3 Qd7 10. Bf4 Nc6 11. e3 Na5 12. Qa2 Ne4 13. Bd3 f5 14. Bxe4 fxe4 15. Nd2 d5 16. cxd5 exd5 17. Nxe4 Bc4 18. Qc2 dxe4 19. Qxe4 Rae8 20. Qf3 Qf5 21. Bxc7 Qd3 0-1

[Event "Uxbridge op"]
[Site "Denham"]
[Date "2009.02.22"]
[Round "5"]
[White "Doran, Michael J"]
[Black "Dawson, Jeffery R"]
[Result "0-1"]
[WhiteElo "1855"]
[BlackElo "2033"]
[PlyCount "66"]
[EventDate "2009.02.20"]
[EventType "swiss"]
[EventRounds "5"]
[EventCountry "ENG"]
[SourceTitle "EXT 2011"]
[Source "ChessBase"]
[SourceDate "2010.11.26"]
[SourceVersion "1"]
[SourceVersionDate "2010.11.26"]
[SourceQuality "1"]

1. e4 e6 2. d4 d5 3. e5 c5 4. c3 Nc6 5. Nf3 Qb6 6. a3 Bd7 7. b4 cxd4 8. cxd4 Nge7 9. Bb2 Nf5 10. Be2 h5 11. 0-0 Be7 12. Qd2 g5 13. Rd1 g4 14. Ne1 Bf8 15. Qd3 Bh6 16. Nc2 Rc8 17. Nc3 Qd8 18. Bc1 Bxc1 19. Raxc1 Qg5 20. a4 h4 21. b5 Na5 22. Rb1 Nc4 23. Nb4 g3 24. Nbxd5 gxf2+ 25. Kxf2 exd5 26. Nxd5 Be6 27. Bf3 Bxd5 28. Bxd5 Qe3+ 29. Qxe3 Nfxe3 30. Bxb7 Nxd1+ 31. Ke1 Rd8 32. Rxd1 Rg8 33. Ke2 Rg4 0-1

[Event "Uxbridge op"]
[Site "Denham"]
[Date "2009.02.22"]
[Round "4"]
[White "Josse, Mark"]
[Black "Doran, Michael J"]
[Result "1-0"]
[WhiteElo "2033"]
[BlackElo "1855"]
[PlyCount "37"]
[EventDate "2009.02.20"]
[EventType "swiss"]
[EventRounds "5"]
[EventCountry "ENG"]
[SourceTitle "EXT 2011"]
[Source "ChessBase"]
[SourceDate "2010.11.26"]
[SourceVersion "1"]
[SourceVersionDate "2010.11.26"]
[SourceQuality "1"]

1. e4 e6 2. d4 d5 3. Nd2 Nf6 4. e5 Nfd7 5. Bd3 c5 6. c3 Nc6 7. Ngf3 Be7 8. 0-0 g5 9. dxc5 Ndxe5 10. Nxe5 Nxe5 11. Nb3 Bd7 12. f4 Nxd3 13. Qxd3 a6 14. Rf2 f5 15. fxg5 Bxg5 16. Nd4 Bxc1 17. Rxc1 Qg5 18. Re1 Kf7 19. Nxf5 1-0

[Event "BCF-chT4 0708 (4NCL)"]
[Site "England"]
[Date "2008.03.16"]
[Round "8.3"]
[White "Doran, Michael J"]
[Black "Hadi, Justin"]
[Result "1/2-1/2"]
[WhiteElo "1980"]
[BlackElo "1985"]
[PlyCount "57"]
[EventDate "2007.09.15"]
[EventType "team-swiss"]
[EventRounds "11"]
[EventCountry "ENG"]
[SourceTitle "EXT 2009"]
[Source "ChessBase"]
[SourceDate "2008.11.26"]
[SourceVersion "1"]
[SourceVersionDate "2008.11.26"]
[SourceQuality "1"]
[WhiteTeam "Halesowen"]
[BlackTeam "Oxford III"]
[WhiteTeamCountry "ENG"]
[BlackTeamCountry "ENG"]

1. e4 c5 2. c3 d6 3. d4 Nf6 4. f3 g6 5. dxc5 Nc6 6. cxd6 exd6 7. Bc4 Ne5 8. Bb3 Bg7 9. Ne2 0-0 10. 0-0 Nh5 11. Be3 Qh4 12. Qd2 Qe7 13. Na3 Rd8 14. Nb5 a6 15. Nbd4 Be6 16. Nxe6 fxe6 17. Nd4 d5 18. Nxe6 Qxe6 19. Bxd5 Rxd5 20. exd5 Qf5 21. b3 Rd8 22. Rad1 b5 23. f4 Nf7 24. Qd3 Nd6 25. a4 Rc8 26. axb5 axb5 27. Bd4 Qxd3 28. Rxd3 Bxd4+ 29. Rxd4 1/2-1/2

[Event "BCF-chT4 0708 (4NCL)"]
[Site "England"]
[Date "2008.03.15"]
[Round "7.3"]
[White "Krishnan, Anand J"]
[Black "Doran, Michael J"]
[Result "0-1"]
[WhiteElo "1870"]
[BlackElo "1980"]
[PlyCount "90"]
[EventDate "2007.09.15"]
[EventType "team-swiss"]
[EventRounds "11"]
[EventCountry "ENG"]
[SourceTitle "EXT 2009"]
[Source "ChessBase"]
[SourceDate "2008.11.26"]
[SourceVersion "1"]
[SourceVersionDate "2008.11.26"]
[SourceQuality "1"]
[WhiteTeam "AMCA Hippos"]
[BlackTeam "Halesowen"]
[WhiteTeamCountry "ENG"]
[BlackTeamCountry "ENG"]

1. c4 Nf6 2. Nc3 e6 3. g3 Bb4 4. Bg2 0-0 5. Nf3 Bxc3 6. bxc3 d6 7. 0-0 e5 8. Ba3 Re8 9. Qc2 Nc6 10. d3 h6 11. e4 Bg4 12. h3 Be6 13. Bc1 Ne7 14. Be3 Qd7 15. Kh2 g5 16. Ng1 Ng6 17. f4 gxf4 18. gxf4 exf4 19. Bxf4 h5 20. Qe2 Qe7 21. Qf3 Bd7 22. Bg3 Kg7 23. Ne2 Rh8 24. Kg1 h4 25. Bh2 Rag8 26. Rf2 Ne5 27. Bxe5 dxe5 28. Qe3 Rh6 29. Qxa7 Kh7 30. Kh2 Rhg6 31. Raf1 Bc6 32. Qe3 Rg3 33. Qd2 Qd7 34. Ng1 Rxd3 35. Qe2 Rdg3 36. Kh1 Rxg2 37. Rxg2 Bxe4 38. Rxf6 Bxg2+ 39. Kh2 Rg5 40. Qe3 Rg7 41. Qxe5 Bc6 42. Rf2 Qd1 43. Qf5+ Kh8 44. Rf1 Rg2+ 45. Kh1 Rf2+ 0-1

[Event "BCF-chT4 0607 (4NCL)"]
[Site "Sunningdale"]
[Date "2007.02.10"]
[Round "5.2"]
[White "Poobalasingam, Iyampillai"]
[Black "Doran, Michael J"]
[Result "1/2-1/2"]
[WhiteElo "1540"]
[BlackElo "2005"]
[PlyCount "48"]
[EventDate "2006.09.16"]
[EventType "team-tourn"]
[EventRounds "11"]
[EventCountry "ENG"]
[SourceTitle "EXT 2008"]
[Source "ChessBase"]
[SourceDate "2007.11.25"]
[SourceVersion "1"]
[SourceVersionDate "2007.11.25"]
[SourceQuality "1"]
[WhiteTeam "London Mstrs II"]
[BlackTeam "Halesowen"]
[WhiteTeamCountry "ENG"]
[BlackTeamCountry "ENG"]

1. c4 Nf6 2. Nc3 e6 3. g3 c5 4. Bg2 Nc6 5. Nf3 a6 6. a4 Be7 7. 0-0 0-0 8. d3 Qc7 9. Bg5 d6 10. Qd2 Rd8 11. Na2 Rb8 12. Nc1 b5 13. axb5 axb5 14. b3 d5 15. Qc3 e5 16. Nd2 h6 17. cxd5 Nxd5 18. Bxd5 Bh3 19. Bxe7 Rxd5 20. Bxc5 Bxf1 21. Kxf1 Qd7 22. Ne4 f5 23. Nd6 f4 24. Kg2 fxg3 1/2-1/2